000 00941cam a2200205 4500
001 WB3907-08
008 030220n2003 000 0 eng u
035 _a(Sirsi) u121403
245 _aWater Bill published
260 _c2003
490 _aDEFRA News Release
_v(60/03) 20 February 2003, (3)
520 _aThe new Water Bill is published with the aim of promoting sustainable use of water resources. Key measures include reforming abstraction licensing, improving water management and conservation and building a more stable regulatory regime. Bill available at www.publications.parliament.uk/pa/ld200203/ldbills/036/2003036.htm www.defra.gov.uk/news/2003/030220a.htm
590 _aWB
650 _aWATER BILL
650 _aWATER MANAGEMENT
650 _aPROPERTY-RURAL AND NATURAL ASSETS-WATER RESOURCES
650 _aSustainability
_96271
690 _aENVIRONMENTAL AND LAND CONSULTANCY-ENVIRONMENTAL MANAGEMENT
942 _n0
999 _c72140
_d72140